<?xml version="1.0" encoding="UTF-8"?>
<record
    xmlns:xsi="http://www.w3.org/2001/XMLSchema-instance"
    xsi:schemaLocation="http://www.loc.gov/MARC21/slim http://www.loc.gov/standards/marcxml/schema/MARC21slim.xsd"
    xmlns="http://www.loc.gov/MARC21/slim">

  <leader>009880000a22001210004500</leader>
  <datafield tag="100" ind1="1" ind2=" ">
    <subfield code="a">Becerra, Eudocio.</subfield>
  </datafield>
  <datafield tag="245" ind1="1" ind2="0">
    <subfield code="a">El poder de la palabra entre los Uitoto-murui.</subfield>
  </datafield>
  <datafield tag="300" ind1=" " ind2=" ">
    <subfield code="a">no.43 (Mar. - Abr., 2010), p. 24-27</subfield>
  </datafield>
  <datafield tag="520" ind1=" " ind2=" ">
    <subfield code="a">Este breve repaso por el papel de la oralidad en la cultura Uitoto-Murui, resalta la importancia de escuchar, entender y aplicar la riqueza cultural de nuestras comunidades indigenas. &#xED;Ah! &#xED;cuanto bien har&#xED;an las palabras de un abuelo en los oscuros corazones de quienes rigen el futuro de nuestra patria! &#xED;cuanto bien har&#xED;a escuchar palabras de vida y poder en lugar de las peligrosas y vac&#xED;as palabras que emiten sin descanso por los televisores! En fin, vale la pena recordar e insistir siempre que "la palabra es parte vital en el hombre, por eso debe ser acatada", que  "la palabra verdadera llega a lo mas profundo del coraz&#xF3;n"</subfield>
  </datafield>
  <datafield tag="650" ind1="1" ind2="4">
    <subfield code="a">CRISTIANISMO Y CULTURA</subfield>
  </datafield>
  <datafield tag="773" ind1="0" ind2=" ">
    <subfield code="t">Revista internacional magisterio : educaci&#xF3;n y ped</subfield>
  </datafield>
  <datafield tag="942" ind1=" " ind2=" ">
    <subfield code="c">ANA</subfield>
  </datafield>
  <datafield tag="952" ind1=" " ind2=" ">
    <subfield code="0">0</subfield>
    <subfield code="1">0</subfield>
    <subfield code="4">0</subfield>
    <subfield code="7">0</subfield>
    <subfield code="8">HEM</subfield>
    <subfield code="a">FUSBC</subfield>
    <subfield code="b">FUSBC</subfield>
    <subfield code="d">2016-01-26</subfield>
    <subfield code="l">0</subfield>
    <subfield code="o"> </subfield>
    <subfield code="r">2016-01-26 00:00:00</subfield>
    <subfield code="w">2016-01-26</subfield>
    <subfield code="y">ANA</subfield>
  </datafield>
  <datafield tag="999" ind1=" " ind2=" ">
    <subfield code="c">62994</subfield>
    <subfield code="d">62994</subfield>
  </datafield>
</record>
